Measuring firm performances using robust nonparametric efficiency approach

Tradičné neparametrické odhady DEA (data envelopment analysis) a FDH (free disposal hull). Pozorné preskúmanie vzoriek dát za účelom presného odhadu pravdepodobnosti výskytu extrémnej hodnoty - outlier. Podmienená kvantilová regresia. Výhody neparametrických metód odhadov.

Salvato in:
Dettagli Bibliografici
Autore principale: Pančurová, Dana, 1988-
Natura: Capitolo di libro
Lingua:inglese
Soggetti:
Tags: Aggiungi Tag
Nessun Tag, puoi essere il primo ad aggiungerne!!

MARC

LEADER 00000naa$a2200000$$$4500
001 0196815
005 20240502073322.4
041 0 |a eng 
044 |a SK 
245 1 0 |a Measuring firm performances using robust nonparametric efficiency approach  |c Dana Pančurová 
520 |a Tradičné neparametrické odhady DEA (data envelopment analysis) a FDH (free disposal hull). Pozorné preskúmanie vzoriek dát za účelom presného odhadu pravdepodobnosti výskytu extrémnej hodnoty - outlier. Podmienená kvantilová regresia. Výhody neparametrických metód odhadov. 
610 2 0 |a efektívnosť 
610 2 0 |a odhady 
610 2 0 |a metódy 
610 2 0 |a analýza regresná 
610 2 0 |a metódy kvantilové 
610 2 0 |a modely kvantilové 
100 1 |a Pančurová, Dana, 1988-